Manuel illustré d'histoire de la littérature française /

Gardado en:
Detalles Bibliográficos
Autor Principal: Calvet, Jean (autor)
Formato: Libro
Idioma:francés
Edición:20a edición
Temas:
Etiquetas: Engadir etiqueta
Sen Etiquetas, Sexa o primeiro en etiquetar este rexistro!

MARC

LEADER 00000nam^a2200000^a^4500
001 000387703
005 20250521000000.0
009 20260310121033.634
037 |a Acervo Xavier Clavigero 
041 |a FRA 
082 |a 840. 944  |b CAL 
100 |a Calvet, Jean  |e (autor) 
240 1 1 |a [Manuel illustré d'histoire de la littérature française] 
245 1 0 |a Manuel illustré d'histoire de la littérature française /  |c J. Calvet ; il. de François Ricard. 
250 |a 20a edición  |b refundida 
264 |a París, Francia :  |b J. de Gigord,  |c 1952 
300 |a IV, 912 p. 
336 |a texto  |b txt  |2 rdacontenido 
337 |a sin mediación  |b n  |2 rdamedio 
338 |a volumen  |b nc  |2 rdasoporte 
501 |a Encuadernación particular 
561 |a Ex libris de Instituto de Literatura Puente Grande, Jal. 
561 |a Ex libris de Bibl. Iunioratus Dom. Prob. S. Ioseph 
561 |a Ex libris de Bibl. Magnopontanae Domus Scti. Ioseph. Prov. Mex. Sept. S.I. 
649 |a XX 
650 |a Crónicas Francesas -  |x Historia y Crítica 
650 |a Poesía Francesa -  |x Historia y Crítica 
650 |a Teatro Francés -  |x Historia y Crítica 
650 |a Novela Francesa -  |x Historia y Crítica 
650 |a Filosofía y Literatura -  |z Francia -  |x Historia y Crítica 
650 |a Literatura Religiosa -  |z Francia -  |x Historia y Crítica 
650 |a Literatura e Historia -  |z Francia -  |x Historia y Crítica 
650 |a Literatura Medieval -  |z Francia -  |x Historia y Crítica 
650 |a Literatura Francesa -  |x Historia y Crítica -  |x Tema Principal 
650 |a Literatura Francesa -  |y Siglo XVI 
650 |a Literatura Francesa -  |y Siglo XVII 
650 |a Literatura Francesa -  |y Siglo XVIII 
650 |a Literatura Francesa -  |y Siglo XIX 
910 |a Fondo General 
920 |a Impresos - Libros 
930 |a Colección General 
940 |a Literatura 
905 |a 101 
901 |a 019326  |b IT1  |c LIT  |u 20250521 
902 |a https://opac.biblio.iteso.mx/vufind/Record/000387703